000 00460cam a2200181ua 4500
020 _cRs 1.50
041 _amal
_h
082 _a894.8122
_bSHA/AM
100 _aSankarapillai, G.
245 _aAmmavan alu veerana /
_cG Shankarapilla.
_hTextual Documents
250 _a1 /
_b.
260 _aQuilon :
_bSree Rama Vilasam Press & Book Depot ,
_c1963.
300 _a138 ; .
365 _aRs 1.50
504 _a
942 _cBK
999 _c3479
_d3479